| 000 | 00702nam a2200277Ia 4500 | ||
|---|---|---|---|
| 008 | 170203s9999 xx 000 0 und d | ||
| 020 | _a2-894295413 | ||
| 050 | _aFic | ||
| 050 | _bB915 | ||
| 100 | _aBryant, Robyn. | ||
| 245 | _aFinnegan finds a friend / | ||
| 245 | _ctext by Robyn Bryant ; illustrated by François Ruyer | ||
| 260 | _aMontreal : | ||
| 260 | _bTormont Publications, | ||
| 260 | _c©1994. | ||
| 300 | _a12 unnumbered pages : | ||
| 300 | _bcolor illustrations ; | ||
| 300 | _c16 cm | ||
| 500 | _aOn board pages. | ||
| 650 | _aCats -- | ||
| 650 | _aFriendship -- | ||
| 650 | _aLion -- | ||
| 650 | _xFiction. | ||
| 650 | _xFiction. | ||
| 650 | _xFiction. | ||
| 999 |
_c306496 _d306496 |
||